| 000 | 00442nam a22001457a 4500 | ||
|---|---|---|---|
| 008 | 140130b xxu||||| |||| 00| 0 eng d | ||
| 020 | _a0-232-51704-5 | ||
| 050 | _aBV210.2.D151 | ||
| 100 |
_aDalrymple, John _97415 |
||
| 245 |
_aLetting go in love _breflections on spiritual formation _cJohn Dalrymple |
||
| 260 |
_aLondon _bDarton, Longman and Todd _c1986 |
||
| 300 |
_axxviii, 144p. ; _c20cm. |
||
| 650 | _2Prayer | ||
| 942 |
_2lcc _cMONOGRAPH |
||
| 999 |
_c119795 _d119795 |
||